يہو د يثر ب اور ميثا ق مد ينہ (Record no. 70501)
[ view plain ]
| 000 -LEADER | |
|---|---|
| fixed length control field | 00856nam a22001937a 4500 |
| 005 - DATE AND TIME OF LATEST TRANSACTION | |
| control field | 20120912164212.0 |
| 010 ## - LCCN (DPL NO) | |
| LC control number | B-483261 |
| 020 ## - INTERNATIONAL STANDARD BOOK NUMBER | |
| Terms of availability | 15.00 |
| 035 ## - SYSTEM CONTROL NUMBER | |
| System control number | B-483261 |
| 037 ## - SOURCE OF ACQUISITION | |
| Source of stock number/acquisition | BPPD |
| 100 ## - MAIN ENTRY--PERSONAL NAME | |
| Personal name | سيد ابو الا علی مو د و وی |
| 245 ## - TITLE STATEMENT | |
| Title | يہو د يثر ب اور ميثا ق مد ينہ |
| Statement of responsibility, etc | سيد ا بو الاعلی مو د و دی |
| 246 ## - VARYING FORM OF TITLE | |
| Title proper/short title | Yahoode Yasrib aur Meesaque Madina |
| Remainder of title | By Syed Abul Aala Maudoodi |
| 260 ## - PUBLICATION, DISTRIBUTION, ETC. (IMPRINT) | |
| Place of publication, distribution, etc | 1781-حو ض سو يو ا لا ں نئ دھلی-2 |
| Name of publisher, distributor, etc | ا سلا مک بک فا ؤ نڈ يشن |
| Date of publication, distribution, etc | 2011 |
| 300 ## - PHYSICAL DESCRIPTION | |
| Extent | 20 ص |
| Dimensions | 22 Cm.(P.b) |
| 500 ## - GENERAL NOTE | |
| General note | دو حصہ |
| 942 ## - ADDED ENTRY ELEMENTS (KOHA) | |
| Source of classification or shelving scheme | Dewey Decimal Classification |
| Item type | Urdu Bks |
| Classification part | 270.9 |
| Call number suffix | س ی د |
| Withdrawn status | Lost status | Not for loan | Collection code | Home library | Current library | Date acquired | Source of acquisition | Cost, normal purchase price | Full call number | Barcode | Copy number | Cost, replacement price | Koha item type |
|---|---|---|---|---|---|---|---|---|---|---|---|---|---|
| Non-fiction | Central Library | Central Library | 04/10/2012 | K.K Pub.//7/42/22/20.03.12/25/17.04.12 | 15.00 | 270.9 س ی د | B-483261 | 1 | 15.00 | Children Books |
